| 000 | 01178nam a22003137a 4500 | ||
|---|---|---|---|
| 001 | 208 | ||
| 003 | FISKH | ||
| 005 | 20230306094712.0 | ||
| 008 | 230306b cb ||||| |||| 00| 0 eng d | ||
| 040 |
_aDLC _cDLC _dDLC _dFISKH _beng |
||
| 050 | 0 | 0 |
_aPZ7.M64 _bPm 2002 |
| 082 | 0 | 4 |
_a813.912 _221 |
| 100 | 1 |
_aMilne, A. A. _q(Alan Alexander), _d1882-1956. |
|
| 245 | 1 | 0 |
_aPooh goes visiting / _cA.A. Milne ; with decorations by Ernest H. Shepard. |
| 250 | _a1st ed. | ||
| 260 |
_aNew York : _bDutton Children's Books, _c1993 |
||
| 300 |
_a14 leaves of plates _bcol. ill. ; _c20 cm. |
||
| 505 | _aK | ||
| 520 | _aWhen Winnie-the-Pooh visits his friend Rabbit, he gets stuck in the entrance hole. | ||
| 521 | 8 |
_a550 _bLexile |
|
| 521 | 8 |
_aK _bRaz-Plus |
|
| 650 | 1 |
_aToys _vFiction. |
|
| 650 | 1 |
_aTeddy bears _vFiction. |
|
| 700 | 1 |
_aShepard, Ernest H. _q(Ernest Howard), _d1879-1976, _eill. |
|
| 856 | 4 | 2 |
_3Contributor biographical information _uhttp://www.loc.gov/catdir/enhancements/fy0719/2002511919-b.html |
| 856 | 4 | 2 |
_3Publisher description _uhttp://www.loc.gov/catdir/enhancements/fy0719/2002511919-d.html |
| 906 |
_a7 _bcbc _corigcop _d2 _encip _f20 _gy-gencatlg |
||
| 942 |
_2ddc _cBK _n0 |
||
| 999 |
_c208 _d208 |
||